Zdanenie postúpenia pohľadávky ...

Zdanenie postúpenia pohľadávky z reštitučného nároku k nehnuteľnosti daňou z prevodu a prechodu nehnuteľností, resp. daňou z darovania. Bezodplatné a odplatné postúpenie reštitučnej pohľadávky.

Guardado en:
Detalles Bibliográficos
Autor principal: Nedveď, Otto
Formato: Capítulo de libro
Lenguaje:eslovaco
Materias:
Etiquetas: Agregar Etiqueta
Sin Etiquetas, Sea el primero en etiquetar este registro!

MARC

LEADER 00000naa a2200000 4500
001 r046905
005 20230927070927.1
041 0 |a slo 
044 |a SK 
245 1 0 |a Zdanenie postúpenia pohľadávky ...  |c Otto Nedveď 
520 |a Zdanenie postúpenia pohľadávky z reštitučného nároku k nehnuteľnosti daňou z prevodu a prechodu nehnuteľností, resp. daňou z darovania. Bezodplatné a odplatné postúpenie reštitučnej pohľadávky. 
610 2 0 |a nehnuteľnosti 
610 2 0 |a reštitúcia 
610 2 0 |a dary 
610 2 0 |a zdaňovanie 
610 2 0 |a dane z darovania 
610 2 0 |a dane z prevodu a prechodu nehnuteľností 
100 1 |a Nedveď, Otto